000 00303nam a2200133Ia 4500
005 20251222155110.0
008 251222s9999||||xx |||||||||||||| ||spa||
082 _aEMI.18
100 _aN.A. DIDONA
245 0 _aEnfermería Maternal
250 _a1ra. ed.
264 _bMcGraw-Hill Int.
942 _cLIB
999 _c38008
_d38008